Statistics for Thomas Mann Bibliography

Click here to take the quiz!

General Stats

  • This quiz has been taken 19 times
  • The average score is 13 of 73

Answer Stats

TypeYearName% Correct
Short Story1897Death
100%
Novella1912Death in Venice
94%
Novel1924The Magic Mountain
94%
Novel1901Buddenbrooks
88%
Novel1947Doctor Faustus
81%
Novella1930Mario and the Magician
63%
Novella1903Tristan
56%
Novel1954Confessions of Felix Krull
50%
Novella1903Tonio Kröger
50%
Novel1939Lotte in Weimar: The Beloved Returns
44%
Novel1934Young Joseph
44%
Novella1918A Man and His Dog
38%
Novel1936Joseph in Egypt
38%
Novel1933The Stories of Jacob
38%
Novella1940The Transposed Heads
38%
Novella1925Disorder and Early Sorrow
31%
Novel1943Joseph the Provider
31%
Novel1909Royal Highness
31%
Novel1951The Holy Sinner
31%
Novella1954The Black Swan
25%
Novella1905The Blood of the Walsungs
25%
Novella1944The Tables of the Law
25%
Novella1902Gladius Dei
19%
Short Story1896Little Herr Friedemann
19%
Short Story1900Luischen
13%
Short Story1904A Gleam
6%
Short Story1908Anecdote
6%
Essay1930A Sketch of My Life
6%
Short Story1904At the Prophet's
6%
Short Story1905A Weary Hour
6%
Short Story1896Disillusionment
6%
Play1905Fiorenza
6%
Short Story1894Gefallen
6%
Letter Collection1943Listen, Germany!
6%
Essay1950Michelangelo According to His Poems
6%
Short Story1907Railway Accident
6%
Essay1938Schopenhauer
6%
Short Story Collection1936Stories of Three Decades
6%
Short Story1903The Child Prodigy
6%
Lecture Collection1938The Coming Victory of Democracy
6%
Short Story1897The Dilettante
6%
Short Story1903The Hungry
6%
Short Story1900The Road to the Churchyard
6%
Short Story1899The Wardrobe
6%
Pamphlet1938This Peace
6%
Short Story1898Tobias Mindernickel
6%
Short Story1893Vision
6%
Essay1939Anna Karenina
0%
Essay1911Chamisso
0%
Short Story Collection1988Death in Venice and Other Stories
0%
Short Story Collection1998Death in Venice and Other Tales
0%
Essay Collection1947Essays of Three Decades
0%
Essay1915Frederick and the Great Coalition
0%
Essay1936Freud and the Future
0%
Essay1922Goethe and Tolstoy
0%
Essay1932Goethe as Representative of the Bourgeois Age
0%
Essay1932Goethe's Career as a Man of Letters
0%
Essay1938Goethe's Faust
0%
Essay1926Kleist's Amphitryon
0%
Essay1929Lessing
0%
Essay1930Platen
0%
Essay1918Reflections of an Unpolitical Man
0%
Essay1937Richard Wagner and the Ring
0%
Short Story Collection1997Six Early Stories
0%
Essay1933Sufferings and Greatness of Richard Wagner
0%
Short Story1897The Clown
0%
Short Story1911The Flight Between Jappe and the Do Escobar
0%
Essay1922The German Republic
0%
Essay1930Theodor Storm
0%
Essay1910The Old Fontane
0%
Speech1937The Problem with Freedom
0%
Short Story1896The Will to Happiness
0%
Essay1934Voyage with Don Quixote
0%

Score Distribution

Percentile by Number Answered

Percent of People with Each Score

Your Score History

You have not taken this quiz